|
|
|
|
| LEADER |
00000nab a2200000 a 4500 |
| 001 |
vtls000634366 |
| 003 |
SK-MaSNL |
| 005 |
20260304094818.0 |
| 008 |
250425c1997 xo 0 slo |
| 015 |
|
|
|a SNBRB19rr/mm-uuuuu
|
| 035 |
|
|
|a CL0634505
|
| 035 |
|
|
|a urn:nbn:sk:snk-abbr48
|
| 035 |
|
|
|a (urnnbn)urn:nbn:sk:snk:ar-0000u9
|
| 035 |
|
|
|a (uuid)e27aedd2-38c6-4b54-8a37-46fcb42c4894
|
| 040 |
|
|
|a SNKBUCL
|b slo
|c SNKBUCL
|e AACR2
|
| 041 |
0 |
|
|a cze
|
| 044 |
|
|
|a xo
|c SK
|
| 080 |
|
|
|a 14:17
|2 1981
|
| 080 |
|
|
|a 17
|2 1981
|
| 100 |
1 |
|
|a Rukriglová, Dita
|4 aut
|9 325617
|
| 245 |
1 |
0 |
|a Dita Rukriglová číta Emmanuela Lévinasa
|c Dita Rukriglová
|
| 500 |
|
|
|a Inform. o aut.
|
| 600 |
1 |
7 |
|a Lévinas, Emmanuel
|d ?-
|x Totalita a nekonečno - úvahy
|2 snkbucl
|9 1391532
|
| 655 |
|
7 |
|a články z novín a časopisov
|2 snkbucl
|9 267496
|
| 773 |
0 |
|
|t Romboid
|g Roč. 32, č. 4 (1997), s. 41-47
|x 0231-6714
|
| 850 |
|
|
|a Slovenská národná knižnica
|
| 852 |
|
|
|a Slovenská národná knižnica
|
| 958 |
|
|
|a article15
|
| 958 |
|
|
|a OND
|
| 958 |
|
|
|a FR
|
| 958 |
|
|
|a CZ
|
| 958 |
|
|
|a RK
|
| 958 |
|
|
|a EUIPO
|
| 992 |
|
|
|a RBX
|
| 999 |
|
|
|c 2829089
|d 2831019
|